| 000 | 00876 a2200229 4500 | ||
|---|---|---|---|
| 999 |
_c10528 _d10528 |
||
| 020 | _a9780415724852 (hardback : alk. paper) | ||
| 020 | _a9780415724869 (pbk. : alk. paper) | ||
| 020 | _a9780415724869 | ||
| 050 | 0 | 0 | _aHQ767.87 |
| 100 | 1 |
_aArchard, David. _eauthor |
|
| 245 | 1 | 0 |
_aChildren : _brights and childhood / _cDavid Archard. |
| 250 | _aThird edition. | ||
| 264 | 1 |
_aAbingdon, Oxon ; _aNew York, NY : _bRoutledge, Taylor & Francis Group, _c2015. |
|
| 300 | _aix, 265 pages ; | ||
| 500 | _aincludes index | ||
| 504 | _aIncludes bibliographical references (pages 246-261) and index. | ||
| 650 | 0 |
_aChildren _xHistory. |
|
| 650 | 0 |
_aChildren's rights _xHistory. |
|
| 650 | 0 |
_aFamily policy _xHistory. |
|
| 942 |
_2lcc _cBK _h767.87 _iARC _kHQ |
||